00507 2200169 4500245011100000020002200111250000900133700006100142650002400203650001300227005001900240260002400259041001400283084001000297300002100307336000900328 aPerpustakaan Sekolah dan Kisah LiterasinyacAsosiasi Pekerja Profesional Informasi Sekolah IndonesiahText a978-623-97184-0-4 a2021 aAsosiasi Pekerja Profesional Informasi Sekolah Indonesia aBiografi Pustakawan aLiterasi a20240906104123 aBantenbAPISIc2021 aIndonesia a920.2 a147 hlm :c23 cm atext